| 000 | 00566nam a2200217Ia 4500 | ||
|---|---|---|---|
| 005 | 20230104095238.0 | ||
| 008 | 131103s9999 xx 000 0 und d | ||
| 040 | _aLoreto College | ||
| 041 | _aEnglish | ||
| 082 |
_a822.09 _bSTR |
||
| 245 | _aJacobean theatre | ||
| 260 |
_aLondon _bEdward Arnold _c1960 |
||
| 300 | _a253 p. | ||
| 440 | _aStratford - avon studies; no. 1 | ||
| 504 | _aIncludes index | ||
| 650 | _aEnglish Drama | ||
| 651 | _a1558-1625 - Theatre - Criticism | ||
| 700 | _aBrown, John Russell, series ed. | ||
| 850 | _aLCLIB | ||
| 942 | _cBK | ||
| 999 |
_c6718 _d57197 |
||